| 000 | 00349nam a2200109Ia 4500 | ||
|---|---|---|---|
| 008 | 171204s9999 xx 000 0 und d | ||
| 245 | _aFoliation Theory in Algebraic Geometry: | ||
| 245 | _cJames McKernan, Jorge Vitório Pereira, and Paolo Cascini | ||
| 260 | _c2016 | ||
| 650 | _xGeometry | ||
| 856 | _uhttp://down.ebook777.com/044/9783319244587.pdf | ||
| 999 |
_c345521 _d345521 |
||